00886nam a2200265 i 4500001000300000003000400003005001700007008003900024015001800063020001500081040001400096041000800110080001200118080001200130100003600142245016000178250001200338260002700350300002800377504001400405655003000419650001400449710005900463856009800522bgBPK20200817141658.0000518s1999 pl a f f |000 0 pol aPB 2000/10126 a837242067X aWA NcBPK0 apol a531/534 a(075.8)1 aPaluch, Mariand(1942- )eAutor10aMechanika teoretyczna :bpodręcznik dla studentów wyższych szkół technicznych /cMarian Paluch ; Politechnika Krakowska im. Tadeusza Kościuszki. aWyd. 6. aKraków :bPK,c1999. a324 s. :bil. ;c24 cm. aBibliogr. 4aPodręczniki akademickie 4aMechanika2 aPolitechnika Krakowska im. Tadeusza Kościuszki4pbl. uhttp://koha.tu.koszalin.pl/cgi-bin/koha/opac-detail.pl?biblionumber=37672yKatalog online BPK